Children of Jacob - Statistics

General Stats
  • This quiz has been taken 63 times
  • The average score is 9 of 13
Answer Stats
# Child % Correct
12 Joseph
96%
3 Levi
84%
1 Reuben
84%
13 Benjamin
76%
5 Dan
72%
2 Simeon
72%
8 Asher
68%
4 Judah
68%
7 Gad
64%
6 Naphtali
56%
10 Zebulun
48%
9 Issachar
44%
11 Dinah
36%
No matching quizzes found
Score Distribution
Percent of People with Each Score
Percentile by Number Answered
Your Score History
You have not taken this quiz